书目信息 |
| 题名: |
寓言选萃
|
|
| 作者: | 赵济信 , 蔡艾芳 编著 | |
| 分册: | ||
| 出版信息: | 桂林 广西师范大学出版社 1998.11 |
|
| 页数: | 129页 | |
| 开本: | 32开 | |
| 丛书名: | ||
| 单 册: | ||
| 中图分类: | I276.4 | |
| 科图分类: | ||
| 主题词: | 民间文学--中国 | |
| 电子资源: | ||
| ISBN: | 7-5633-2750-9 | |
| 000 | 00591nam0 2200205 45 | |
| 001 | 0106050846 | |
| 005 | 20010605084056.0 | |
| 010 | @a7-5633-2750-9@d8.00元 | |
| 100 | @a20010605d1998 km y0chiy0120 ea | |
| 101 | 0 | @achi |
| 105 | @a z 000yy | |
| 200 | 1 | @a寓言选萃@AYu Yan Xuan Cui@f赵济信,蔡艾芳编著@FZhao Ji Xin,Cai Ai Fang Bian Zhu |
| 210 | @a桂林@c广西师范大学出版社@d1998.11 | |
| 215 | @a129页@d32开 | |
| 606 | 0 | @a民间文学@x中国 |
| 690 | @aI276.4@v3 | |
| 701 | 0 | @a赵济信@4编著 |
| 701 | 0 | @a蔡艾芳@4编著 |
| 801 | @aCN@bPftUser@c20010605 | |
| 905 | @f20@b345407-426@dI276.4@eZH889 | |
| 寓言选萃/赵济信,蔡艾芳编著.-桂林:广西师范大学出版社,1998.11 |
| 129页;32开 |
| ISBN 7-5633-2750-9:8.00元 |
| ● |
| 相关链接 |
|
|
|
正题名:寓言选萃
索取号:I276.4/ZH889
 
预约/预借
| 序号 | 登录号 | 条形码 | 馆藏地/架位号 | 状态 | 备注 |
| 1 | 345407 | 203454074 | 文学库116/ [索取号:I276.4/ZH889] | 在馆 | |
| 2 | 345408 | 203454083 | 社科二线422/422社科库 8排1列6层/ [索取号:I276.4/ZH889] | 在馆 | |
| 3 | 345409 | 203454092 | 社科二线400B/116文学库 12排4列6层/ [索取号:I276.4/ZH889] | 在馆 | |
| 4 | 345410 | 203454109 | 社科二线422/422社科库 26排1列6层/ [索取号:I276.4/ZH889] | 在馆 | |
| 5 | 345411 | 203454118 | 社科二线422/422社科库 9排1列3层/ [索取号:I276.4/ZH889] | 在馆 | |
| 6 | 345412 | 203454127 | 社科二线422/422社科库 8排1列6层/ [索取号:I276.4/ZH889] | 在馆 | |
| 7 | 345413 | 203454136 | 文学库116/116文学库 12排2列4层/ [索取号:I276.4/ZH889] | 在馆 | |
| 8 | 345414 | 203454145 | 文学库116/116文学库 12排2列4层/ [索取号:I276.4/ZH889] | 在馆 | |
| 9 | 345415 | 203454154 | 社科二线422/422社科库 8排1列5层/ [索取号:I276.4/ZH889] | 在馆 | |
| 10 | 345416 | 203454163 | 社科二线422/422社科库 30排3列3层/ [索取号:I276.4/ZH889] | 在馆 | |
| 11 | 345417 | 203454172 | 社科二线422/422社科库 8排1列6层/ [索取号:I276.4/ZH889] | 在馆 | |
| 12 | 345418 | 203454181 | 社科二线422/422社科库 26排1列6层/ [索取号:I276.4/ZH889] | 在馆 | |
| 13 | 345419 | 203454190 | 文学库116/422社科库 26排1列6层/ [索取号:I276.4/ZH889] | 在馆 | |
| 14 | 345420 | 203454207 | 社科二线422/422社科库 9排1列3层/ [索取号:I276.4/ZH889] | 在馆 | |
| 15 | 345421 | 203454216 | 文学库116/116文学库 12排4列6层/ [索取号:I276.4/ZH889] | 在馆 | |
| 16 | 345422 | 203454225 | 社科二线422/422社科库 31排1列4层/ [索取号:I276.4/ZH889] | 在馆 | |
| 17 | 345423 | 203454234 | 社科二线422/422社科库 8排1列6层/ [索取号:I276.4/ZH889] | 在馆 | |
| 18 | 345424 | 203454243 | 文学库116/116文学库 12排4列6层/ [索取号:I276.4/ZH889] | 在馆 | |
| 19 | 345425 | 203454252 | 社科二线422/422社科库 26排1列6层/ [索取号:I276.4/ZH889] | 在馆 | |
| 20 | 345426 | 203454261 | 社科二线400B/400B社科库 21排2列2层/ [索取号:I276.4/ZH889] | 在馆 |